8 mots dans mots : tas (mort subite) - Statistiques

Statistiques générales
  • Ce quiz a été pris 27 fois
  • Le résultat moyen est 5 sur 8
Answers on the Grid
Answers color-coded by a green-red scale on the quiz's grid according to % correct below.
Emprun---sent
Débureaucra---er
Compartimen---sions
Excellen---sime
Cycloconver---seur
Court-circui---sions
Empuan---sement
Enchan---siez
Donquichot---me
Ca---trophiquement
Désinves---sement
Ensanglan---
Ca---trophisme
Antiferromagné---me
Ar---te-interprète
Contre-manifes---sions
 
Statistiques - réponses
Réponse % Correct
Ca---trophisme
70%
Ca---trophiquement
65%
Contre-manifes---sions
65%
Compartimen---sions
61%
Court-circui---sions
61%
Emprun---sent
52%
Enchan---siez
52%
Ensanglan---
48%
Aucun quiz correspondant
Distribution des résultats
% des personnes avec chaque résultat
Percentile par nombre de réponses
Votre historique - résultats
Vous n’avez pas pris ce quiz